UITU Library & LRC     

TOWN WATER MANAGEMENT SYSTEM (Record no. 32522)

MARC details
000 -LEADER
fixed length control field 00641nam a2200157Ia 4500
008 - FIXED-LENGTH DATA ELEMENTS--GENERAL INFORMATION
fixed length control field 260210s9999 xx 000 0 und d
024 ## - OTHER STANDARD IDENTIFIER
Standard number or code 19B-133-CS, 19B-076-CS, 19B-077-CS, 19B-117-CS, & 18B-123-CS
082 ## - DEWEY DECIMAL CLASSIFICATION NUMBER
Classification number 005.6072 KHA
100 ## - MAIN ENTRY--PERSONAL NAME
Personal name Hamza Ahmed Khan, Aliza Shafiq, Aneeqa Fahim, Syed Hamza Qadri, & Syed Owais Ahmed
110 ## - MAIN ENTRY--CORPORATE NAME
Corporate name or jurisdiction name as entry element Dr. Sharaf Hussain
245 #0 - TITLE STATEMENT
Title TOWN WATER MANAGEMENT SYSTEM
260 ## - PUBLICATION, DISTRIBUTION, ETC.
Place of publication, distribution, etc. Karachi:
Name of publisher, distributor, etc. UITU,
Date of publication, distribution, etc. 2019
600 ## - SUBJECT ADDED ENTRY--PERSONAL NAME
Personal name Computer Science
650 ## - SUBJECT ADDED ENTRY--TOPICAL TERM
Topical term or geographic name entry element Bachelor of Computer Science (BS)
856 ## - ELECTRONIC LOCATION AND ACCESS
Uniform Resource Identifier <a href="https://drive.google.com/file/d/1Xg0KUOHq5NQz8vuhy_G1Qb_iDRUWZcIi/view?usp=sharing">https://drive.google.com/file/d/1Xg0KUOHq5NQz8vuhy_G1Qb_iDRUWZcIi/view?usp=sharing</a>
Link text Click here for PDF

No items available.

Powered by Koha